|
|
|
|
| LEADER |
00000nab a2200000 a 4500 |
| 001 |
vtls009007722 |
| 003 |
SK-MaSNL |
| 005 |
20260303065455.0 |
| 008 |
140301c20070105xo dr|p|||||||000 b|slo |
| 015 |
|
|
|a SNBRB2007/07
|2 snkbucl
|
| 038 |
|
|
|a SNKBUCL
|
| 040 |
|
|
|a SNKBUCL
|b slo
|c SNKBUCL
|e AACR2
|
| 041 |
0 |
|
|a slo
|
| 044 |
|
|
|a xo
|c SK
|
| 080 |
|
|
|a 336.744
|x (4)
|2 2001
|
| 100 |
1 |
|
|a Szabó, Ivan
|4 aut
|9 324273
|
| 245 |
1 |
0 |
|a Euro predbehlo dolár
|b európska mena je vo svete populárna. V eurozóne až tak nie
|c Ivan Szabó
|
| 300 |
|
|
|b Grafy
|
| 650 |
0 |
7 |
|a jednotná európska mena
|2 snkbucl
|9 28024
|
| 773 |
0 |
|
|t Hospodárske noviny
|g Roč. XV., č. 4 (5.-7.1.2007)
|x 1335-4701
|
| 773 |
0 |
8 |
|t Podniky & trhy
|g Č. 4 (5.-7.1.2007), s. [13]
|
| 852 |
|
|
|a SNK
|b KIS3GCP
|
| 999 |
|
|
|c 1751318
|d 1753248
|